000 00933nas a2200325 i 4500
001 1466
003 ES-MaACL
005 20250822062541.0
007 t|
008 950801c1876 xxkq| | 1 ||ng d
022 _a0026-4423
080 _a159.9
080 _a1
245 0 0 _aMind /
_cedited by George Croom Robertson.
260 _aLondon :
_bWilliams and Norgate,
_c1876- (
_fG. Norman and Son)
300 _a85 v. ;
_c22 cm.
321 _aTrimestral
362 0 _aV. I (1876)-
650 1 7 _aPsicologĂ­a
_2embne
_916540
650 1 7 _aFilosofĂ­a
_2embne
_912802
655 7 _2tgfbne
_9226866
_aRevistas
700 1 _aRobertson, George Croom,
_9194202
700 1 _aStout, G.F.,
_9227611
700 1 _aMoore, G. E.
_982811
852 _aES-MaACL
_jHEM-H-5
_dOlim: HEM-162
_cHEM
866 0 _o1876-1988,1895-1934,1986-2010.
942 _2udc
_cPERIODICA
999 _c1466
_d1466